Stiamo bene così /

Marin ha diciotto anni e si è lasciata alle spalle una vita di cui non parla con nessuno. Nemmeno la sua migliore amica Mabel sa davvero cosa sia accaduto a San Francisco per spingerla ad andarsene per sempre. Ma anche a migliaia di chilometri di distanza Marin sente la stretta della tragedia da cui...

詳細記述

保存先:
書誌詳細
第一著者: LaCour, Nina
その他の著者: Brogli, Simona (翻訳家)
フォーマット: 図書
言語:イタリア語
出版事項: Milano : Il castoro, 2023
シリーズ:Hot Spot
タグ: タグ追加
タグなし, このレコードへの初めてのタグを付けませんか!

MARC

LEADER 00000nam a22000007i 4500
001 IT\ICCU\VIA\0519614
003 ItRI
005 20260115232211.0
008 230418s2023 it |||||| ||||| |||||c
020 |a 9791255330165 
040 |b ita  |c importazione bologna sebina 
041 7 |a ita  |2 ISO-639-2 
082 |a 813.6  |9 NARRATIVA AMERICANA IN LINGUA INGLESE, 2000-  |2 23 
100 1 |a LaCour, Nina  |0 IT\ICCU\LO1V\429828 
240 1 0 |a We are okay  |3 IT\ICCU\VIA\0519616  |9 LaCour, Nina 
245 1 0 |a Stiamo bene così /  |c Nina LaCour ; traduzione di Simona Brogli. 
260 |a Milano :  |b Il castoro,  |c 2023 
300 |a 222 p. ;  |c 22 cm 
520 |a Marin ha diciotto anni e si è lasciata alle spalle una vita di cui non parla con nessuno. Nemmeno la sua migliore amica Mabel sa davvero cosa sia accaduto a San Francisco per spingerla ad andarsene per sempre. Ma anche a migliaia di chilometri di distanza Marin sente la stretta della tragedia da cui ha tentato di scappare. Adesso, sola nel dormitorio del college di New York, vuoto per le vacanze invernali, Marin attende. Mabel sta arrivando, e lei dovrà affrontare tutto ciò che ha taciuto e, finalmente, misurarsi con la solitudine che si è annidata nel suo cuore. 
700 1 |a Brogli, Simona  |0 IT\ICCU\RAVV\446107  |4 trl 
830 0 |a Hot Spot  |0 IT\ICCU\LO1\1747928 
942 |2 ddc  |c BK  |n 0 
952 |0 0  |1 0  |4 0  |6 R_813_600000000000000_LAC  |7 0  |9 21868  |a BO  |b BO  |d 2026-01-15  |i 20344  |l 0  |o R 813.6 LAC  |p BO20344  |r 2026-01-15 23:22:11  |w 2026-01-15  |x [Sebina 5] [1 v.]  |y BK  |z 1 v. 
999 |c 18690  |d 18690